Central Library OPAC University of Rajshahi

The Sayers memorial volume : (Record no. 583)

MARC details
000 -LEADER
fixed length control field 01113cam a2200301 a 4500
001 - CONTROL NUMBER
control field 583
003 - CONTROL NUMBER IDENTIFIER
rucl marc code BD-RjUL
005 - DATE AND TIME OF LATEST TRANSACTION
control field 20211208233213.0
008 - FIXED-LENGTH DATA ELEMENTS--GENERAL INFORMATION
fixed length control field 750624s1961 xx 000 0 eng
035 ## - SYSTEM CONTROL NUMBER
System control number (BD-RjUL)601
System control number (OCoLC)1409419
040 ## - CATALOGING SOURCE
Original cataloging agency DLC
Transcribing agency OTU
Modifying agency NAlU
-- Uk
-- DLC
Language of cataloging eng
041 ## - LANGUAGE CODE
Language code of text/sound track or separate title eng
082 ## - DEWEY DECIMAL CLASSIFICATION NUMBER
Edition number 23
Classification number 025.4
Author mark and year SAY 1961
245 04 - TITLE STATEMENT
Title The Sayers memorial volume :
Remainder of title essays in librarianship in memory of William Charles Berwick Sayers /
Statement of responsibility, etc. Edited by D. J. Foskett and B. I. Palmer for the Classification Research Group (London)
260 ## - PUBLICATION, DISTRIBUTION, ETC. (IMPRINT)
Place of publication, distribution, etc. London :
Name of publisher, distributor, etc. Library Association,
Date of publication, distribution, etc. 1961.
300 ## - PHYSICAL DESCRIPTION
Pagination 218 p. :
Illustrations ill. ;
Size 26 cm.
504 ## - BIBLIOGRAPHY, ETC. NOTE
Bibliography, etc Includes bibliographies.
600 10 - SUBJECT ADDED ENTRY--PERSONAL NAME
Personal name Sayers, W. C. Berwick
Fuller form of name (William Charles Berwick),
Dates associated with a name 1881-1960.
650 #0 - SUBJECT ADDED ENTRY--TOPICAL TERM
Topical term or geographic name as entry element Classification
General subdivision Books.
9 (RLIN) 1789
Topical term or geographic name as entry element Classification of sciences.
9 (RLIN) 1790
Topical term or geographic name as entry element Library science
9 (RLIN) 220697
700 1# - ADDED ENTRY--PERSONAL NAME
Personal name Foskett, D. J. ,
Relator term ed.
Personal name Palmer, Bernard Ira,
Dates associated with a name 1910-
Relator term jt. ed.
710 ## - ADDED ENTRY--CORPORATE NAME
Corporate name or jurisdiction name as entry element Classification Research Group (London)
9 (RLIN) 220698
942 ## - ADDED ENTRY ELEMENTS (KOHA)
Source of classification or shelving scheme Dewey Decimal Classification
Koha item type Books
Holdings
Lost status Source of classification or shelving scheme Damaged status Not for loan Collection code Permanent Location Current Location Shelving location Date acquired Source of acquisition Cost, normal purchase price Total Checkouts Full call number Date last seen Copy number Koha item type
  Dewey Decimal Classification     Non-fiction Central Library, University of Rajshahi Central Library, University of Rajshahi   20/11/1997 Zeitlinger 36.00   025.4 SAY 1961 18/11/2013 C-2 Books
  Dewey Decimal Classification   Not For Loan Non-fiction Central Library, University of Rajshahi Central Library, University of Rajshahi Reading Room 20/11/1967 Zeitlinger 36.00   025.4 SAY 1961 03/12/2016 C-1 Books